000 00345nam a2200121Ia 4500
005 20251222144756.0
008 251222s9999||||xx |||||||||||||| ||spa||
082 _a070.449/V31
100 _aVarela Vidal, José Antonio
245 0 _aPeriodismo Institucional
264 _bFondo Editorial Escuela de Periodismo Jaime Bausate y Meza
942 _cLIB
999 _c19523
_d19523